| 000 | 00941nam a2200205 a 4500 | ||
|---|---|---|---|
| 008 | 130520s2012 ||||||||||||||||| || u | ||
| 020 | _a9781412988827 | ||
| 050 | _aBF 636.6 Sch | ||
| 100 | _aSchwitzer, Alan M | ||
| 245 | 1 | 0 |
_aDiagnosis and treatment planning skills for mental health professionals: a popular culture casebook approach _cby Alan M. Schwitzer and Lawrence C. Rubin |
| 260 |
_aLos Angeles: _bSAGE Publications _c2012 |
||
| 300 | _axxi, 598p.: ill. | ||
| 500 | _aIncludes bibliographic references School of Medicine | ||
| 650 | _aPOPULAR CULTURE--UNITED STATES--CASE STUDIES | ||
| 650 | _aCOUNSELING--CASE STUDIES | ||
| 650 | _aCOUNSELING--METHODOLOGY | ||
| 650 | _aMANAGED MENTAL HEALTH CARE--CASE STUDIES | ||
| 700 | _aRubin, Lawrence C | ||
| 995 |
_aMEDICAL LIBRARY OPEN ACCESS _e902061 _FCBU-SCHOOL OF MEDICINE LIBRARY (Ndola) _jBF 636.6 Sch _M1 _UAVAILABLE _WMay 21, 2013 _y902061 _ZMedical Library Open Access Collection |
||
| 999 |
_c31255 _d31255 |
||